000 00348 a2200121 4500
001 ART_41131
005 20260410161628.0
008 260409a
245 1 0 _aEscenario actual de la normativa contable en Argentina
100 1 _aDíaz, Teresa
700 1 _aPozzi, Nélida B.
773 0 _tEnfoques
_g- Nº 1 (ene. 2017)
_wREV416
999 _c12230
_d12230